Internetworking with TCP/IP, Vol. 3 Client server programming and application (Record no. 1396)
[ view plain ]
| 000 -LEADER | |
|---|---|
| Fixed length control field | 00562nam a2200193 4500 |
| 003 - CONTROL NUMBER IDENTIFIER | |
| Control field | SEACOMEC |
| 005 - DATE AND TIME OF LATEST TRANSACTION | |
| Control field | 20240703134511.0 |
| 008 - FIXED-LENGTH DATA ELEMENTS--GENERAL INFORMATION | |
| Fixed length control field | 240703b |||||||| |||| 00| 0 eng d |
| 020 ## - INTERNATIONAL STANDARD BOOK NUMBER / ISBN | |
| International Standard Book Number | 81-317-0739-3 |
| Price | Rs.350.00 |
| 040 ## - CATALOGING SOURCE | |
| Original cataloging agency | SEACOMEC |
| 082 ## - DEWEY DECIMAL CLASSIFICATION NUMBER | |
| Classification number | 004.6 |
| Book Number | C732 |
| 100 ## - MAIN ENTRY--PERSONAL NAME | |
| Personal name | Comer, Douglas, E |
| 245 1# - TITLE STATEMENT | |
| Title | Internetworking with TCP/IP, Vol. 3 Client server programming and application |
| Statement of responsibility | Douglas, E Comer and David L Stevens, |
| 250 ## - EDITION STATEMENT | |
| Edition statement | 2nd ed. |
| 260 ## - IMPRINT | |
| Place of publication | Delhi |
| Name of publisher | Pearson |
| Date of publication | 2008 |
| 300 ## - PHYSICAL DESCRIPTION | |
| Page / Vol. No | Vol.3 |
| 650 ## - SUBJECT ADDED ENTRY--TOPICAL TERM | |
| Topical term | Computer network |
| 942 ## - ADDED ENTRY ELEMENTS (KOHA) | |
| Koha item type | Books |
| Withdrawn status | Lost status | Source of classification | Damaged status | Not for loan | Home library | Current library | Date acquired | Total Checkouts | Call number | Accession number | Date last seen | Price effective from | Koha item type | Copy number |
|---|---|---|---|---|---|---|---|---|---|---|---|---|---|---|
| Dewey Decimal Classification | SEACOM ENGINEERING COLLEGE | SEACOM ENGINEERING COLLEGE | 27/03/2008 | 004.6 C732 | 10312 | 03/07/2024 | 03/07/2024 | Books | ||||||
| Dewey Decimal Classification | SEACOM ENGINEERING COLLEGE | SEACOM ENGINEERING COLLEGE | 27/03/2008 | 004.6 C732 | 10313 | 03/07/2024 | 03/07/2024 | Books | 1 | |||||
| Dewey Decimal Classification | SEACOM ENGINEERING COLLEGE | SEACOM ENGINEERING COLLEGE | 27/03/2008 | 004.6 C732 | 10314 | 03/07/2024 | 03/07/2024 | Books | 2 | |||||
| Dewey Decimal Classification | SEACOM ENGINEERING COLLEGE | SEACOM ENGINEERING COLLEGE | 27/03/2008 | 004.6 C732 | 10315 | 03/07/2024 | 03/07/2024 | Books | 3 | |||||
| Dewey Decimal Classification | SEACOM ENGINEERING COLLEGE | SEACOM ENGINEERING COLLEGE | 27/03/2008 | 004.6 C732 | 10316 | 03/07/2024 | 03/07/2024 | Books | 4 | |||||
| Dewey Decimal Classification | SEACOM ENGINEERING COLLEGE | SEACOM ENGINEERING COLLEGE | 27/03/2008 | 004.6 C732 | 10317 | 03/07/2024 | 03/07/2024 | Books | 5 | |||||
| Dewey Decimal Classification | SEACOM ENGINEERING COLLEGE | SEACOM ENGINEERING COLLEGE | 27/03/2008 | 004.6 C732 | 10318 | 03/07/2024 | 03/07/2024 | Books | 6 | |||||
| Dewey Decimal Classification | SEACOM ENGINEERING COLLEGE | SEACOM ENGINEERING COLLEGE | 27/03/2008 | 004.6 C732 | 10319 | 03/07/2024 | 03/07/2024 | Books | 7 | |||||
| Dewey Decimal Classification | SEACOM ENGINEERING COLLEGE | SEACOM ENGINEERING COLLEGE | 27/03/2008 | 004.6 C732 | 10320 | 03/07/2024 | 03/07/2024 | Books | 8 | |||||
| Dewey Decimal Classification | SEACOM ENGINEERING COLLEGE | SEACOM ENGINEERING COLLEGE | 27/03/2008 | 004.6 C732 | 10321 | 03/07/2024 | 03/07/2024 | Books | 9 |
